Estadísticas para Países con la Mayor Cantidad de Premios Nobel

Haz click aquí para intentar la prueba.

Estadísticas generales

  • Esta prueba ha sido intentada 4.133 veces
    (3.543 desde el último reinicio)
  • La puntuación promedio es 15 de 18

Estadísticas de respuestas

#País% Correcto
371Estados Unidos
100%
107Alemania
97%
68Francia
97%
26Rusia / Unión Soviética
96%
20Italia
94%
127Reino Unido
94%
25Canadá
92%
26Japón
90%
31Suecia
90%
13Noruega
88%
14Polonia
83%
26Suiza
81%
12Australia
78%
21Austria
77%
21Países Bajos
76%
13Dinamarca
71%
13Hungría
56%
12Israel
39%

Distribución de puntuación

Porcentaje por número respondido

Porcentaje de gente con cada puntuación

Historial de tus puntuaciones

No has intentado esta prueba desde el último reinicio